معرض جمال عبد الناصر أمانة الشئون الدينية والثقافة والإعلام شعبة الثقافة

محفوظ في:

المؤلف الرئيسي: الاتحاد الاشتراكي العربي اللجنة المركزية.

التنسيق: كتاب

اللغة: Undetermined

منشور في: Al-Qāhirah : al-itihad al-aishtirakiu al-earabiu al-lajnat al-markazia, 1972.

الوسوم: إضافة وسم

لا توجد وسوم, كن أول من يضع وسما على هذه التسجيلة!

رقم الطلب: DT107 .83 E86

LEADER 00602nam a2200121Ia 4500
008 240329s9999||||xx |||||||||||||| ||und||
050 4 |a DT107 .83 E86 
100 1 |a الاتحاد الاشتراكي العربي اللجنة المركزية. 
245 1 0 |a معرض جمال عبد الناصر  |b أمانة الشئون الدينية والثقافة والإعلام شعبة الثقافة  |c الاتحاد الاشتراكي العربي اللجنة المركزية 
264 1 |a Al-Qāhirah :  |b al-itihad al-aishtirakiu al-earabiu al-lajnat al-markazia,  |c 1972. 
300 |c 25 
942 |2 lcc  |c BK 
999 |c 57900  |d 57900